<?xml version="1.0" encoding="UTF-8"?><record xmlns="http://www.loc.gov/MARC21/slim" xmlns:zs="http://docs.oasis-open.org/ns/search-ws/sruResponse">
  <leader>02550cam a22003851  4500</leader>
  <controlfield tag="001">3107030</controlfield>
  <controlfield tag="005">20250607144603.5</controlfield>
  <controlfield tag="007">cr |||||||||||</controlfield>
  <controlfield tag="008">781018s1875    nyuafg        000 0 eng  </controlfield>
  <datafield ind1=" " ind2=" " tag="035">
    <subfield code="a">3107030</subfield>
  </datafield>
  <datafield ind1=" " ind2=" " tag="906">
    <subfield code="a">7</subfield>
    <subfield code="b">cbc</subfield>
    <subfield code="c">orignew</subfield>
    <subfield code="d">u</subfield>
    <subfield code="e">ncip</subfield>
    <subfield code="f">19</subfield>
    <subfield code="g">y-gencatlg</subfield>
  </datafield>
  <datafield ind1=" " ind2=" " tag="955">
    <subfield code="a">NEW INPUT th05 05-14-98</subfield>
  </datafield>
  <datafield ind1=" " ind2=" " tag="010">
    <subfield code="a">   05035056 </subfield>
  </datafield>
  <datafield ind1=" " ind2=" " tag="035">
    <subfield code="9">(DLC)   05035056</subfield>
  </datafield>
  <datafield ind1=" " ind2=" " tag="035">
    <subfield code="a">(DLC) musdi.181</subfield>
  </datafield>
  <datafield ind1=" " ind2=" " tag="040">
    <subfield code="a">DLC</subfield>
    <subfield code="c">DLC</subfield>
    <subfield code="d">DLC</subfield>
  </datafield>
  <datafield ind1="0" ind2="0" tag="050">
    <subfield code="a">GV1751</subfield>
    <subfield code="b">.D31 1875</subfield>
  </datafield>
  <datafield ind1="1" ind2=" " tag="100">
    <subfield code="a">De Garmo, Wm. B.</subfield>
    <subfield code="q">(William B.)</subfield>
  </datafield>
  <datafield ind1="1" ind2="4" tag="245">
    <subfield code="a">The dance of society:</subfield>
    <subfield code="b">a critical analysis of all the standard quadrilles, round dances, 102 figures of le cotillon ("the German"), &amp;c., including dissertations upon time and its accentuation, carriage, style, and other relative matter.</subfield>
    <subfield code="c">By Wm. B. De Garmo ... Illustrations by Theodore Wüst, New York.</subfield>
  </datafield>
  <datafield ind1=" " ind2=" " tag="260">
    <subfield code="a">New York,</subfield>
    <subfield code="b">W. A. Pond &amp; Co.,</subfield>
    <subfield code="c">1875.</subfield>
  </datafield>
  <datafield ind1=" " ind2=" " tag="300">
    <subfield code="a">vii, [9]-155, [1] p., 2 l.</subfield>
    <subfield code="b">front., illus., plates.</subfield>
    <subfield code="c">21 cm.</subfield>
  </datafield>
  <datafield ind1=" " ind2=" " tag="500">
    <subfield code="a">Music: 1 l. at end.</subfield>
  </datafield>
  <datafield ind1=" " ind2=" " tag="520">
    <subfield code="a">This manual was originally published in 1864 with subsequent editions in 1865, 1866, and 1868 when the author noted that many of the dances were no longer fashionable. Typical of other late nineteenth-century manuals, much of the text is borrowed from other writers. The manual provides a brief section on etiquette and describes the popular ballroom dances of the era--quadrille, polka redowa, polka mazurka, schottisch, galop, and cotillon. Reflecting a growing interest in the dances of the past, De Garmo provides directions and music for the "Menuet de la Cour." The manual was reissued in 1884.</subfield>
  </datafield>
  <datafield ind1=" " ind2=" " tag="530">
    <subfield code="a">Available also through the Library of Congress Web site as facsimile page images and full text.</subfield>
  </datafield>
  <datafield ind1=" " ind2="0" tag="650">
    <subfield code="a">Ballroom dancing</subfield>
    <subfield code="v">Handbooks, manuals, etc.</subfield>
  </datafield>
  <datafield ind1=" " ind2="4" tag="650">
    <subfield code="a">Dance Instruction and Technical Manuals.</subfield>
  </datafield>
  <datafield ind1="4" ind2="1" tag="856">
    <subfield code="d">musdi</subfield>
    <subfield code="f">181</subfield>
    <subfield code="u">http://hdl.loc.gov/loc.music/musdi.181</subfield>
    <subfield code="q">s</subfield>
  </datafield>
  <datafield ind1="4" ind2="2" tag="859">
    <subfield code="3">Video clip for p. 115</subfield>
    <subfield code="u">http://hdl.loc.gov/loc.music/musdivid.004</subfield>
    <subfield code="z">The Fan, from the German</subfield>
  </datafield>
  <datafield ind1="4" ind2="2" tag="859">
    <subfield code="3">Video clip for p. 120</subfield>
    <subfield code="u">http://hdl.loc.gov/loc.music/musdivid.003</subfield>
    <subfield code="z">La Corde (The Rope), from the German</subfield>
  </datafield>
  <datafield ind1="4" ind2="2" tag="859">
    <subfield code="3">Video clip for p. 128</subfield>
    <subfield code="u">http://hdl.loc.gov/loc.music/musdivid.005</subfield>
    <subfield code="z">Blind Man's Buff, from the German</subfield>
  </datafield>
  <datafield ind1="4" ind2="2" tag="859">
    <subfield code="3">Video clip for p. 128</subfield>
    <subfield code="u">http://hdl.loc.gov/loc.music/musdivid.016</subfield>
    <subfield code="z">Blind Man's Buff, from the German</subfield>
  </datafield>
  <datafield ind1="4" ind2="2" tag="859">
    <subfield code="3">Video clip for p. 91</subfield>
    <subfield code="u">http://hdl.loc.gov/loc.music/musdivid.050</subfield>
    <subfield code="z">Polka</subfield>
  </datafield>
  <datafield ind1=" " ind2=" " tag="985">
    <subfield code="a">pmpull</subfield>
    <subfield code="e">ammem</subfield>
  </datafield>
  <datafield ind1=" " ind2=" " tag="985">
    <subfield code="a">smcd/musdi</subfield>
    <subfield code="e">ammem</subfield>
  </datafield>
  <datafield ind1=" " ind2=" " tag="991">
    <subfield code="b">c-GenColl</subfield>
    <subfield code="h">GV1751</subfield>
    <subfield code="i">.D31 1875</subfield>
    <subfield code="t">Copy 1</subfield>
    <subfield code="w">BOOKS</subfield>
  </datafield>
</record>
